[Event "Teresina-ch sf 2a"]
[Site "Teresina"]
[Date "2024.05.25"]
[Round "2"]
[White "Fernandes Neto, Vitorino Orthiges"]
[Black "De Silva, Francisco Samuel"]
[Result "0-1"]
[WhiteElo "1720"]
[BlackElo "1792"]
[PlyCount "90"]
[EventDate "2024.05.24"]
[EventType "swiss"]
[EventRounds "5"]
[EventCountry "BRA"]
[SourceTitle "CBM 220 Extra"]
[Source "ChessBase"]
[SourceDate "2024.07.31"]
[SourceVersion "1"]
[SourceVersionDate "2024.07.31"]
[SourceQuality "1"]

1. e4 g6 2. d4 Bg7 3. Nc3 e6 4. f4 c5 5. Be3 Qb6 6. Nb5 cxd4 7. Bxd4 Bxd4 8. Qxd4 Qxd4 9. Nxd4 a6 10. 0-0-0 Nf6 11. Bd3 Ng4 12. Nh3 0-0 13. e5 b5 14. Be4 Ra7 15. Bf3 Ne3 16. Rd3 Nc4 17. Ng5 Bb7 18. Ne4 Bxe4 19. Bxe4 d5 20. exd6 Nxd6 21. Bf3 Nf5 22. Nxf5 exf5 23. Rhd1 a5 24. Rd6 Na6 25. Be2 Nc7 26. Rd7 Rc8 27. Re7 Ra6 28. Rdd7 Rc6 29. Rxf7 Ne6 30. c3 Nf8 31. Ra7 b4 32. Bb5 Rc5 33. c4 Rxb5 34. b3 Rbc5 35. Rfe7 h6 36. Ra6 R8c6 37. Ra8 Rf6 38. Ree8 Kg7 39. Kc2 g5 40. fxg5 hxg5 41. h3 f4 42. Kd3 Rd6+ 43. Kc2 Ne6 44. Ra7+ Kf6 45. Rea8 Re5 0-1

[Event "Teresina-ch"]
[Site "Teresina"]
[Date "2022.03.13"]
[Round "5"]
[White "Barbosa, Matheus H De Alenca"]
[Black "Fernandes Neto, Vitorino Orthiges"]
[Result "1/2-1/2"]
[WhiteElo "1488"]
[BlackElo "1396"]
[PlyCount "96"]
[EventDate "2022.03.11"]
[EventType "swiss"]
[EventRounds "5"]
[EventCountry "BRA"]
[SourceTitle "EXT 2023"]
[Source "ChessBase"]
[SourceDate "2022.10.05"]
[SourceVersion "1"]
[SourceVersionDate "2022.10.05"]
[SourceQuality "1"]

1. e4 c5 2. c3 d6 3. d4 cxd4 4. cxd4 Nf6 5. Bd3 a6 6. Bg5 Qa5+ 7. Qd2 Qxd2+ 8. Nxd2 Nbd7 9. Ngf3 e6 10. 0-0 Be7 11. Rac1 0-0 12. e5 dxe5 13. dxe5 Nd5 14. Bxe7 Nxe7 15. Be4 Nb6 16. Nc4 Nxc4 17. Rxc4 Rb8 18. Rfc1 b5 19. Rc7 Nd5 20. R7c5 Bb7 21. Nd4 Nb4 22. Bb1 Rfd8 23. Rc7 g6 24. Nf3 Nd3 25. Bxd3 Rxd3 26. R7c3 Rbd8 27. h3 Bxf3 28. gxf3 Rd1+ 29. Kg2 Rxc1 30. Rxc1 Rd2 31. Rc8+ Kg7 32. Ra8 Rxb2 33. Rxa6 g5 34. Kg3 Kg6 35. Ra5 Kf5 36. a4 bxa4 37. Rxa4 Kxe5 38. Ra7 Kf6 39. Ra5 Kg6 40. Re5 h6 41. Re4 h5 42. h4 gxh4+ 43. Rxh4 Re2 44. Re4 Rxe4 45. fxe4 f5 46. e5 Kg5 47. f4+ Kg6 48. Kh4 Kh6 1/2-1/2

[Event "Teresina-ch"]
[Site "Teresina"]
[Date "2022.03.13"]
[Round "4"]
[White "Fernandes Neto, Vitorino Orthiges"]
[Black "Lima Filho, Jose Pacifico"]
[Result "0-1"]
[WhiteElo "1396"]
[BlackElo "1766"]
[PlyCount "96"]
[EventDate "2022.03.11"]
[EventType "swiss"]
[EventRounds "5"]
[EventCountry "BRA"]
[SourceTitle "EXT 2023"]
[Source "ChessBase"]
[SourceDate "2022.10.05"]
[SourceVersion "1"]
[SourceVersionDate "2022.10.05"]
[SourceQuality "1"]

1. c4 c6 2. g3 d5 3. cxd5 cxd5 4. Bg2 Nf6 5. e3 e5 6. b3 Nc6 7. Bb2 Bf5 8. a3 Rc8 9. Nf3 Bd6 10. 0-0 Bd3 11. Re1 0-0 12. Nc3 e4 13. Ng5 h6 14. Nh3 Ne5 15. Nf4 Bb8 16. Rc1 Ba6 17. Nce2 Qd7 18. Rxc8 Rxc8 19. Bxe5 Bxe5 20. Bh3 Ng4 21. Bxg4 Qxg4 22. Nxd5 Qd7 23. Nec3 Rd8 24. Qc2 Bd3 25. Qc1 Qe6 26. Nf4 Qxb3 27. Nxd3 exd3 28. Nb1 Qc2 29. e4 Rc8 30. Qxc2 dxc2 31. Nc3 Bxc3 32. dxc3 Rxc3 33. Rc1 b5 34. Kf1 a5 35. Ke2 Rxa3 36. Rxc2 b4 37. Rb2 b3 38. Kd2 a4 39. Kc3 Ra1 40. f4 Kf8 41. e5 Ke7 42. Rd2 Rc1+ 43. Kb2 Rc6 44. h3 h5 45. h4 Ke6 46. Rd4 Rc2+ 47. Ka3 Ra2+ 48. Kb4 b2 0-1